02396cam a22003375a 4500999001700000001000900017005001700026008004100043010001700084020003800101040003300139082001700172245007000189250001200259260006900271300003400340504005100374505056400425520025700989650004501246651001001291653002401301655001401325700002801339942000801367952012401375952013901499952014001638952014001778952014001918 c26891d268631900110420181028122307.0160304s2017 nyua frb 001 0 eng d a 2016010466 a9781138666344 (pbk. : alk. paper) aDLCbengcDLCdDLCdEG-ScBUE04a351bINT22210aIntroducing public administration /cJay M. Shafritz... [et al.]. a9th ed. aNew York ;aLondon :bRoutledge / Taylor & Francis Group,c2017. axxi, 610 p. :bill. ;c24 cm. aIncludes bibliographical references and index.0 aDefining public administration -- The political and cultural environment of public policy and its -- Administration -- The continuous reinventing of the machinery of government -- Intergovernmental relations -- Honor, ethics, and accountability -- The evolution of management and organization theory -- Organizational behavior -- Managerialism and information technology -- Strategic management and government regulation -- Leadership -- Personnel management and labor relations -- Social equity -- Public financial management -- Program audit and evaluation. aAn introductory text that seeks to take a unified approach to public administration. It focuses on the historical evolution, its essential theory and future trends. Differing political systems, including the USA, and conceptual foundations are covered. 7aPublic administrationvTextbooks.2BUEsh 2BUEsh bBUSADMcOctober2018 vText book1 aShafritz, Jay M.920263 2ddc 00102ddc40708BaccahaMAINbMAINc1STd2018-10-28ePurchaseg2450.00l0o351 INTp000043641r2025-07-15 00:00:00yNB 00102ddc40708BaccahaMAINbMAINc1STd2018-10-28ePurchaseg2450.00l1m6o351 INTp000043642r2025-07-15 00:00:00s2023-12-04yBB 00102ddc40708BaccahaMAINbMAINc1STd2018-10-28ePurchaseg2450.00l2m27o351 INTp000043643r2025-07-15 00:00:00s2019-12-25yBB 00102ddc40708BaccahaMAINbMAINc1STd2018-10-28ePurchaseg2450.00l3m10o351 INTp000043644r2025-07-15 00:00:00s2022-12-17yBB 00102ddc40708BaccahaMAINbMAINc1STd2018-10-28ePurchaseg2450.00l3m33o351 INTp000043645r2025-07-15 00:00:00s2022-10-18yBB